What Reptile is It? - Statistics

General Stats
  • This quiz has been taken 34 times
  • The average score is 8 of 10
Answer Stats
Picture Answer % Correct
crested gecko
95%
leopard gecko
95%
ball python
86%
anole
82%
corn snake
77%
day gecko
73%
green tree python
73%
blue tongue skink
64%
panther chameleon
64%
veiled chameleon
55%
No matching quizzes found
Score Distribution
Percent of People with Each Score
Percentile by Number Answered
Your Score History
You have not taken this quiz